Name That Newgrounds Movie! Quiz Stats

 Plays Quiz not verified by Sporcle

Challenge
Share
Tweet
Embed
Score 0/18 Timer 07:00
0 Plays Today
Author Submission % Correct
EgoraptorMetal Gear Awesome
72.7%
altffourThe Ultimate Showdown
45.5%
dokiSalad Fingers
36.4%
JohnnyUtahTANKMEN
27.3%
OneyLeft 4 Speed
27.3%
SamBazKaThere She Is!!
18.2%
SakupenDad's Home
18.2%
DaveRetarded Animal Babies
18.2%
TypeQueenCharlie The Unicorn
18.2%
Author Submission % Correct
The-Super-Flash-BrosDecline of Video Gaming 2
18.2%
ChulaidLittleFoot
9.1%
noogaiAnimator vs Animation II
9.1%
KrinkelsMadness Apotheosis
0%
WXDE_dust
0%
MousekliksFinal Fantasy A+
0%
MottisBunnykill
0%
jamesfarrXombie: Chapter 2
0%
ZhuXiao Xiao No. 3
0%

You're not logged in!

Compare scores with friends on all Sporcle quizzes.
OR
Log In

You Might Also Like...

Show Comments

Extras

Top Quizzes Today


Score Distribution

Your Account Isn't Verified!

In order to create a playlist on Sporcle, you need to verify the email address you used during registration. Go to your Sporcle Settings to finish the process.

Report this User

Report this user for behavior that violates our Community Guidelines.

Details: